LIBRARY & INFORMATION CENTRE, KCAET, TAVANUR

ONLINE PUBLIC ACCESS CATALOGUE (OPAC)

Probability theory (Record no. 7668)

MARC details
000 -LEADER
fixed length control field 00341cam a2200157ua 4500
041 ## - LANGUAGE CODE
Language code of text/sound track or separate title eng
082 ## - DEWEY DECIMAL CLASSIFICATION NUMBER
Classification number 519.2
Item number LDE/PR
100 ## - MAIN ENTRY--AUTHOR NAME
Personal name Loeve, Michel .
245 ## - TITLE STATEMENT
Title Probability theory
250 ## - EDITION STATEMENT
Edition statement 3 /
260 ## - PUBLICATION, DISTRIBUTION, ETC. (IMPRINT)
Place of publication Toronto :
Name of publisher D Van nostrand co ,
Year of publication 1963.
300 ## - PHYSICAL DESCRIPTION
Number of Pages 685 ; .
942 ## - ADDED ENTRY ELEMENTS (KOHA)
Koha item type Books
Holdings
Withdrawn status Lost status Damaged status Home library Current library Date acquired Full call number Accession Number Koha item type
      KAUAET KAUAET 07/04/2012 519.2 LOE/PE 4853 Books
free website counter